| 000 | 02864nam0a22003251 4500 | ||
|---|---|---|---|
| 001 | rc\4729753 | ||
| 005 | 20260407114118.0 | ||
| 021 |
_aRU _bРг2554-66 |
||
| 021 |
_aRU _b66-17902 |
||
| 035 | _a(NLR Aleph) 008446898 | ||
| 090 |
_a9513396 _c9513396 |
||
| 100 | _a20130416d1965 |||y0rusy50 ca | ||
| 101 | 0 | _arus | |
| 102 | _aRU | ||
| 105 | _ay z ||||| | ||
| 200 | 1 |
_aПланирование капитальных вложений в жилую застройку в городах РСФСР и контроль за эффективностью использования средств на основе средней плановой стоимости _e[Проспект _fВыставка достижений нар. хоз. СССР. Объедин. павильоны "Строительство". Госстрой СССР. Науч.-исслед. ин-т экономики строительства |
|
| 210 |
_aМосква] _cБ. и. _d1965 |
||
| 215 |
_a1 л., слож. в 6 с. _d21 |
||
| 311 | _aПрил.: Эффективность использования капитальных вложений в жилую застройку г. Горького., 1965 | ||
| 311 | _aПрил.: Эффективность использования капитальных вложений в жилую застройку г. Пскова., 1965 | ||
| 311 | _aПрил.: Эффективность использования капитальных вложений в жилую застройку г. Куйбышева., [1965] | ||
| 421 | 0 |
_11010#$arus _12001#$aЭффективность использования капитальных вложений в жилую застройку г. Пскова _1210##$d1965 _1215##$a[3] с. _tЭффективность использования капитальных вложений в жилую застройку г. Пскова |
|
| 421 | 0 |
_11010#$arus _12001#$aЭффективность использования капитальных вложений в жилую застройку г. Куйбышева _1210##$d[1965] _1215##$a[2] с. _tЭффективность использования капитальных вложений в жилую застройку г. Куйбышева |
|
| 421 | 0 |
_11010#$arus _12001#$aЭффективность использования капитальных вложений в жилую застройку г. Горького _1210##$d1965 _1215##$a[2] с. _tЭффективность использования капитальных вложений в жилую застройку г. Горького |
|
| 712 | 0 | 2 |
_aНИИ экономики строительства _cМосква _3RU\NLR\AUTH\889946019 _9387534 |
| 801 | 0 |
_aRU _bNLR _gpsbo |
|
| 801 | 1 |
_aRU _bELAR _2rusmarc |
|
| 852 |
_aNLR _j66-4/5530 |
||
| 942 | _cBOOK | ||
| 980 | _aNB | ||